000 00696nam a2200217 u 4500
001 000024833
005 20200930023410.0
008 110204s1975 ag r 000 0 spa d
040 _aDO-SdBNP
_bspa
_cBNPHU
041 1 7 _aspa
_heng
_2Código de idiomas MARC
082 _ann*
_bnn*
100 1 _aRampa, Lobsang.
_947104
240 1 4 _aThe cave of the ancients.
_lEspañol
245 1 3 _aLa caverna de los antepasados /
_cLobsang Rampa ; traducción de Ines Nieto.
250 _a25a ed.
260 _aBuenos Aires :
_bTroquel,
_c1975.
300 _a237 p. ;
_c20 cm.
534 _aTitulo del original en inglés :
_tThe cave of the ancients
700 1 _aNieto, Ines,
_etr.
_950973
049 _aBNGR
999 _c24326
_d24326